| 000 | 00530nam a2200217Ia 4500 | ||
|---|---|---|---|
| 005 | 20250425161356.0 | ||
| 008 | 250425s9999 xx 000 0 und d | ||
| 020 | _a842071562X | ||
| 041 | _aspa | ||
| 082 | _a378.17078 | ||
| 100 | _aUNWIN, DERICK | ||
| 245 | 0 | _aMEDIOS Y METODOS TECNOLOGIA EDUCATIVA EN LA ENSEÑANZA | |
| 250 | _a1A ED. | ||
| 260 |
_aEspaña _bANAYA _c1973 |
||
| 260 | _aMADRID | ||
| 300 | _a318 | ||
| 650 | _aENSEÑANZA SUPERIOR | ||
| 650 | _aTECNOLOGIA EDUCATIVA | ||
| 942 | _c01 | ||
| 010 | _a18908 | ||
| 999 |
_c207999 _d207999 |
||